Video games - Statistics

General Stats
  • This quiz has been taken 10 times
  • The average score is 5 of 16
Answer Stats
Hint Answer % Correct
F Fortnite
100%
L League of legends
67%
A Apex legends
44%
G Grand theft auto
44%
M Minecraft
44%
O Overwatch
44%
V valorant
44%
C Call of duty
33%
R Rocket league
33%
F Fifa
22%
H Halo
22%
M Mario
11%
A Animal crossing
0%
F Fall guys
0%
N Nba 2K
0%
S Smash bros
0%
No matching quizzes found
Score Distribution
Percent of People with Each Score
Percentile by Number Answered
Your Score History
You have not taken this quiz